| 000 -LEADER |
| fixed length control field |
00797nam a22002417a 4500 |
| 008 - FIXED-LENGTH DATA ELEMENTS--GENERAL INFORMATION |
| fixed length control field |
150617b xxu||||| |||| 00| 0 eng d |
| 020 ## - INTERNATIONAL STANDARD BOOK NUMBER |
| International Standard Book Number |
9781783265428 |
| 041 0# - LANGUAGE CODE |
| Language code of text/sound track or separate title |
eng |
| 080 ## - UNIVERSAL DECIMAL CLASSIFICATION NUMBER |
| Universal Decimal Classification number |
658 |
| 100 1# - Rafti |
| Rafti |
Huizenga, Edward. |
| 245 14 - TITLE STATEMENT |
| Title |
The knowledge enterprise : |
| Statement of responsibility, etc |
Edward Huizenga, Benthurst & Co, Amsterdam Business School University of Amsterdam, The Netherlands. |
| 250 ## - |
| -- |
Second edition. |
| 260 ## - |
| -- |
USA: |
| -- |
World Scientific; |
| -- |
2014. |
| 300 ## - |
| -- |
247 f.: |
| -- |
24 cm. |
| 490 0# - |
| -- |
Series on technology management ; |
| -- |
volume 24 |
| 500 ## - |
| -- |
Preface: f.v-viii |
| 505 ## - |
| -- |
Index: f.245-247 |
| 650 #0 - |
| -- |
Menaxhimi i dijes |
| 650 #0 - |
| -- |
Biznes Plani |
| 650 #0 - |
| -- |
Konkurenca |
| 650 #0 - |
| -- |
Teknologjia e informacionit |
| 942 ## - ADDED ENTRY ELEMENTS (KOHA) |
| Source of classification or shelving scheme |
|
| Item type |
Books |